Catálogo

Garantias individuales / (Registro nro. 55530)

Detalles MARC
000 -LEADER
fixed length control field 01126cam a2200325 i 4500
001 - CONTROL NUMBER
control field 55530
003 - CONTROL NUMBER IDENTIFIER
control field Mx-PuUPA
005 - DATE AND TIME OF LATEST TRANSACTION
control field 20250217074647.0
008 - FIXED-LENGTH DATA ELEMENTS--GENERAL INFORMATION
fixed length control field 140415s2009 mx gr 000 0 spa d
020 ## - INTERNATIONAL STANDARD BOOK NUMBER
International Standard Book Number 9786074260090
040 ## - CATALOGING SOURCE
Transcribing agency Mx-PuUPA
Original cataloging agency Mx-PuUPA
Language of cataloging spa
Modifying agency Mx-PuUPA
Description conventions rda
041 0# - LANGUAGE CODE
Language code of text/sound track or separate title spa
100 1# - MAIN ENTRY--PERSONAL NAME
Personal name Arteaga Nava, Elisur,
9 (RLIN) 6776
Relator term autor
245 10 - TITLE STATEMENT
Title Garantias individuales /
Statement of responsibility, etc. Elisur Arteaga Nava
250 ## - EDITION STATEMENT
Edition statement Primera edición
264 #1 - PRODUCTION, PUBLICATION, DISTRIBUTION, MANUFACTURE, AND COPYRIGHT NOTICE
Place of production, publication, distribution, manufacture México, D. F. :
Name of producer, publisher, distributor, manufacturer Oxford University Press México,
Date of production, publication, distribution, manufacture, or copyright notice 2009
300 ## - PHYSICAL DESCRIPTION
Extent lxxix, 903 páginas ;
Dimensions 24 cm+
Other physical details 1 disco de computadora (4 3/4 pulg.)
336 ## - CONTENT TYPE
Fuente rdacontent
Content type term texto
Content type code txt
336 ## - CONTENT TYPE
Fuente rdacontent
Content type term imagen fija
Content type code sti
337 ## - MEDIA TYPE
Source rdamedia
Media type term sin medio
Media type code n
337 ## - MEDIA TYPE
Source rdamedia
Media type term computadora
Media type code c
338 ## - CARRIER TYPE
Source rdacarrier
Carrier type term volumen
Carrier type code nc
338 ## - CARRIER TYPE
Source rdacarrier
Carrier type term disco compacto
Carrier type code cd
490 0# - SERIES STATEMENT
Series statement Colección Textos Jurídicos Universitarios
650 #7 - SUBJECT ADDED ENTRY--TOPICAL TERM
Source of heading or term armarc
Topical term or geographic name entry element Derecho constitucional
Geographic subdivision México
650 #7 - SUBJECT ADDED ENTRY--TOPICAL TERM
Source of heading or term armarc
Topical term or geographic name entry element Garantías (Derecho)
Geographic subdivision México
942 ## - ADDED ENTRY ELEMENTS (KOHA)
Source of classification or shelving scheme Dewey Decimal Classification
Koha item type Libro
Classification part 342.72085
Item part A78
Existencias
Withdrawn status Lost status Source of classification or shelving scheme Damaged status Not for loan Collection code Home library Current library Shelving location Date acquired Source of acquisition Total Checkouts Full call number Barcode Date last seen Date last checked out Price effective from Koha item type
    Dewey Decimal Classification     General Biblioteca Karol Wojtyla Biblioteca Karol Wojtyla Sala general 03/12/2013 Compra 1 345.72056 ART 83317 05/01/2026 16/12/2021 03/12/2013 Libro
    Dewey Decimal Classification     Audiovisual Biblioteca Karol Wojtyla Biblioteca Karol Wojtyla Módulo de circulación 09/03/2022     342.72085 A78 2009 700576 09/03/2022   09/03/2022 Cd-Rom
    Dewey Decimal Classification     General Tehuacán Tehuacán Sala general 03/12/2013 Compra 1 342.72085 A78 2009 968000002777 08/01/2025 29/11/2018 03/12/2013 Libro